28-兵庫県の市町村クイズ(1999年) - Statistics

General Stats
  • This quiz has been taken 151 times
  • The average score is 50 of 91
Answers on the Map
Answers color-coded by a green-red scale on the quiz's map according to % correct below.
 
Answer Stats
Answer % Correct
加古川かこがわ
87%
神戸こうべ
87%
明石あかし
86%
芦屋あしや
86%
尼崎あまがさき
86%
姫路ひめじ
86%
西宮にしのみや
83%
高砂たかさご
81%
相生あいおい
80%
伊丹いたみ
80%
三田さんだ
80%
宝塚たからづか
80%
猪名川いながわちょう
79%
赤穂あこう
77%
豊岡とよおか
77%
播磨はりまちょう
77%
稲美いなみちょう
73%
温泉おんせんちょう
73%
家島いえしまちょう
71%
川西かわにし
71%
太子たいしちょう
71%
上郡かみごおりちょう
70%
洲本すもと
69%
三木みき
69%
加西かさい
67%
香住かすみちょう
67%
小野おの
66%
篠山ささやまちょう
66%
龍野たつの
66%
城崎きのさきちょう
64%
福崎ふくさきちょう
63%
南淡なんだんちょう
60%
西脇にしわき
60%
西淡せいだんちょう
59%
浜坂はまさかちょう
57%
北淡ほくだんちょう
57%
淡路あわじちょう
56%
出石いずしちょう
56%
佐用さようちょう
56%
但東たんとうちょう
54%
市川いちかわちょう
53%
竹野たけのちょう
53%
和田山わだやまちょう
53%
朝来あさごちょう
51%
養父やぶちょう
51%
八鹿ようかちょう
49%
揖保川いぼがわちょう
47%
新宮しんぐうちょう
47%
やしろちょう
47%
夢前ゆめさきちょう
47%
青垣あおがきちょう
46%
市島いちじまちょう
46%
香寺こうでらちょう
46%
生野いくのちょう
44%
柏原かいばらちょう
44%
黒田庄くろだしょうちょう
44%
五色ごしきちょう
44%
東浦ひがしうらちょう
44%
三原みはらちょう
44%
神崎かんざきちょう
43%
みどりちょう
43%
一宮いちのみやちょう(宍粟郡)
41%
山東さんとうちょう
41%
山南さんなんちょう
41%
なかちょう
41%
西紀にしきちょう
41%
村岡むらおかちょう
41%
吉川よかわちょう
41%
滝野たきのちょう
40%
氷上ひかみちょう
40%
美方みかたちょう
40%
御津みつちょう
40%
春日かすがちょう
39%
津名つなちょう
39%
波賀はがちょう
39%
三日月みかづきちょう
39%
安富やすとみちょう
39%
山崎やまさきちょう
39%
一宮いちのみやちょう(津名郡)
37%
大屋おおやちょう
37%
加美かみちょう
37%
上月こうづきちょう
37%
今田こんだちょう
37%
関宮せきのみやちょう
37%
丹南たんなんちょう
37%
千種ちくさちょう
37%
日高ひだかちょう
37%
大河内おおかわちちょう
36%
東条とうじょうちょう
34%
南光なんこうちょう
34%
八千代やちよちょう
34%
No matching quizzes found
Score Distribution
Percent of People with Each Score
Percentile by Number Answered
Your Score History
You have not taken this quiz